Soral, Zemmour, Nabe ou Houellebecq ? - Statistiques

Statistiques générales
  • Ce quiz a été pris 64 fois
  • Le résultat moyen est 22 sur 60
Statistiques - réponses
Hint Réponse % Correct
Destin français (2018) Eric Zemmour
73%
Sociologie du dragueur (1996) Alain Soral
68%
Vers la féminisation ? Démontage d’un complot antidémocratique (1999) Alain Soral
63%
Le Livre noir de la droite (1998) Eric Zemmour
58%
Comprendre l'époque : Pourquoi l'égalité ? (2021) Alain Soral
56%
Plus con, tu meurs ! Texticules 2 (2024) Alain Soral
56%
La France n'a pas dit son dernier mot (2021) /Je n'ai pas dit mon dernier mot (2023) Eric Zemmour
56%
Le Suicide français (2014) Eric Zemmour
56%
Les Mouvements de mode expliqués aux parents (1984) Alain Soral
53%
Chirac, l'homme qui ne s'aimait pas (2002) Eric Zemmour
53%
Le Premier Sexe (2006) Eric Zemmour
53%
Socrate à Saint-Tropez, texticules (2003) Alain Soral
49%
Mélancolie française (2010) Eric Zemmour
49%
Balladur, immobile à grands pas (1995) Eric Zemmour
49%
Aux rats des pâquerettes (2019) Marc-Édouard Nabe
49%
Un quinquennat pour rien (2016) Eric Zemmour
47%
Misères du désir (2004) Alain Soral
46%
La Carte et le Territoire (2010) Michel Houellebecq
44%
Comprendre l’Empire : Demain la gouvernance globale ou la révolte des Nations (2011) Alain Soral
42%
Soumission (2015) Michel Houellebecq
42%
Les Particules élémentaires (1998) Michel Houellebecq
42%
Extension du domaine de la lutte (1994) Michel Houellebecq
41%
Jusqu’où va-t-on descendre ? Abécédaire de la bêtise ambiante (2002) Alain Soral
39%
Alain Zannini (2002) Marc-Édouard Nabe
39%
Anéantir (2022) Michel Houellebecq
39%
La Création de mode : Comment comprendre, maîtriser et créer la mode (1987) Alain Soral
37%
Chute ! Éloge de la disgrâce (2006) Alain Soral
37%
Visage de Turc en pleurs (1992) Marc-Édouard Nabe
37%
Une lueur d'espoir (2001) Marc-Édouard Nabe
36%
Je suis mort (1998) Marc-Édouard Nabe
36%
Le Coup d'État des juges (1997) Eric Zemmour
34%
Dialogues désaccordés : Combat de Blancs dans un tunnel (en collaboration avec Éric Naulleau) (2013) Alain Soral
32%
Les Porcs 1 (2017) / Les Porcs 2 (2021) Marc-Édouard Nabe
32%
L'Âme de Billie Holiday (1986) Marc-Édouard Nabe
32%
Zigzags (1986) Marc-Édouard Nabe
32%
Plateforme (2001) Michel Houellebecq
32%
La Possibilité d'une île (2005) Michel Houellebecq
32%
H. P. Lovecraft. Contre le monde, contre la vie (1991) Michel Houellebecq
31%
Sérotonine (2019) Michel Houellebecq
31%
Le Jour et la Nuit, ou la Vie d’un vaurien (1991) Alain Soral
29%
Qui apparaît déguisé en serveur, en train de danser dans une publicité pour les bonbons Mi-cho-ko en 1984 ? Alain Soral
29%
Lucette (1995) Marc-Édouard Nabe
29%
Au régal des vermines (1985) Marc-Édouard Nabe
29%
Configuration du dernier rivage (2013) Michel Houellebecq
29%
J'enfonce le clou (2004) Marc-Édouard Nabe
27%
Chroniques d’avant-guerre (2012) Alain Soral
25%
Rester vivant (1991) Michel Houellebecq
25%
Petit Frère (2008) Eric Zemmour
24%
Les Rats de garde (2000) avec Patrick Poivre d'Arvor Eric Zemmour
24%
L'Homme qui arrêta d'écrire (2010) Marc-Édouard Nabe
24%
Printemps de feu (2003) Marc-Édouard Nabe
24%
Interventions (1998-2020) Michel Houellebecq
24%
Le Dandy rouge (1999) Eric Zemmour
22%
Le Bonheur (1988) Marc-Édouard Nabe
22%
La Poursuite du bonheur (1991) Michel Houellebecq
22%
Le Bûcher des vaniteux (2012) / Le Bûcher des vaniteux 2 (2013) Eric Zemmour
20%
L'Enculé (2011) Marc-Édouard Nabe
20%
Le Sens du combat (1996) Michel Houellebecq
17%
En présence de Schopenhauer (2017) Michel Houellebecq
15%
L'Autre (2004) Eric Zemmour
10%
Aucun quiz correspondant
Distribution des résultats
% des personnes avec chaque résultat
Percentile par nombre de réponses
Votre historique - résultats
Vous n’avez pas pris ce quiz